BBC Sherlock Quiz 3.0 || Difficult - Statistics

General Stats
  • This quiz has been taken 55 times
  • The average score is 4 of 15
Answer Stats
Clues Answer % Correct
Finish the quote, "Mrs. Hudson leaveBaker Street ? _______ _____ ____" England wouldfall
73%
Addiction that Sherlock describes as his"7% solution". Cocaine
59%
Actor playing DI Greg Lestrade Rupert Graves
43%
Sherlock admits in conversation withJanine, his guilty pleasure of _______ Dancing
37%
In 'The Abominable Bride' when usingsign language, John mistakenly calls a receptionist ____. Ugly
37%
Actress playing Eurus Holmes Sian Brooke
27%
What song is played during thestart of Moriarty's trial ? Sinnerman
24%
Who shot Mary Watson ? Vivian Norbury
24%
Who accidently gave her daughtera rabbit from the lab which she works Doctor Stapleton
22%
While Sherlock solves the case of theMayfly man, Tessa admits her ideal man to be George Clooney
18%
Fill in the quote, "_____ _________would be appalled Johan Sebastian
14%
Who wrote this previoussong ? Nina Simone
14%
A drone flies into 221B Baker Street, it is then explained to be a '________ _______' Patience Grenade
8%
Who sends John and Mary "Oodles of love" via telegram ? Stella and Ted
8%
Finish the Lyric, "inside brothermine, let death ____ _ ____" Make a room
4%
No matching quizzes found
Score Distribution
Percent of People with Each Score
Percentile by Number Answered
Your Score History
You have not taken this quiz